000
00293nam a22001337a 4500
008
180308b xxu||||| |||| 00| 0 eng d
020
_a
9781401819828
041
_a
eng
080
_2
4th
_a
91
100
_a
42
101
_a
GJEO
245
_a
Selling destination
_c
Mancini,M
942
_2
udc
_c
BK
999
_c
44417
_d
44417